SCH : 20 Citations #1 (Facile) - Statistiques

Statistiques générales
  • Ce quiz a été pris 133 fois
  • Le résultat moyen est 9 sur 20
Statistiques - réponses
Hint Réponse % Correct
J'sais qu'ils prieront leur Dieu quand j'vais plonger leur tête dans ma cuvette A7
85%
On finit sur une île au large, loin d'eux, nous deux, bah ouais, j't'emmène Je la connais
72%
Hier encore t'avais mon nom sur les lèvres depuis l'aube t'es plus la même Fusil
70%
Rêver du million, c'est pas si ambitieux, y aurait sûrement 100K en plus si on recomptait tout Interlude
61%
J'suis comme un cerbère en rage, qu'on a sorti des cages Prequel
56%
Maintenant qu'j'voyage en Falcon et qu'j'pollue comme un connard Cannelloni
53%
J'viendrai t'arroser dans ton bar, j'laisse une grenade au comptoir, du sang plein les théières Gomorra
53%
Glock blanc, ton sur ton, longue veste comme dans les feuilletons Crack
49%
Je suis un rat, je meurs avec les rats, ouais tous mes scélérats Comme si
46%
Ce soir, le phare n'appelle plus le large, ce soir, la peine n'a même plus de larmes La pluie
46%
C'est dur d'parler à un bout d'marbre, c'est dur d'parler à un gosse Lui dire qu'papa s'est pris une balle, il t'emmènera plus à l'école Himalaya
44%
J'suis pas dans leurs délires de All-Star, j'suis moi et ma paire Otto
44%
Moi, au début, j’étais rien qu’un p'tit nouveau rappeur qu’on croyait passager 6.45i
39%
Le rap, c'est un jeu d'échecs et les fous sont toujours au plus près du roi Pharmacie
38%
J'suis pas ton tit-pe, garde toi ta première partie, coño, wrah Liquide
36%
J'suis pas sorti de mon précédent deuil qu'j'dois en entamer un nouveau Anamnèse
35%
Il m'faut un océan d'javel pour m'laver d'mes péchés Parano
35%
Peu à peu les flammes embrasseront l'vent, peu à peu les drames s'effaceront dans l'temps Ciel rouge
34%
Poing serré, cœur en pierre et j'revois mourir mon père à chaque fois qu'j'ferme les paupières LIF
26%
De toutes mes fautes, qu'on m'jette la pierre, moi, j'la jetterai pas aux autres Ça ira
24%
Aucun quiz correspondant
Distribution des résultats
% des personnes avec chaque résultat
Percentile par nombre de réponses
Votre historique - résultats
Vous n’avez pas pris ce quiz